01085cam a22003017i 450000100090000000300040000900500170001300600190003000700150004900800410006402000180010504000520012304200140017508200170018910000230020624500980022925000120032726000310033930000320037050400510040250600430045365000290049665000230052570000300054870000460057877300380062485601210066210962426OSt20190730235654.0m d cr n 140812s2017 ne a sb 001 0 eng d a9788126573059 aMa-unbengcAU@erdadOCLCOdLTSCAdDLCdWaSeSS alccopycat04a670223bGMG aGroover, Mikell P.10a /Principle of Modern Manufacturing Materials, Processing and Systems cMikell P. Groover a1st ed. aNew Delhi :bWiley,c2017. axii, 845 p. bill ;c24 cm. aIncludes bibliographical references and index. aLicense restrictions may limit access. 0aManufacturing processes. 0aIndustrial design.1 aShercliff, Hugh,eauthor.1 aEyben, Bruno Ninaber van,d1950-eauthor. 0teBook - Engineering 2014 [EBCE14]40uhttp://www.columbia.edu/cgi-bin/cul/resolve?clio10962426zFull text available from eBook - Engineering 2014 [EBCE14]